Statistics for Difficult Dragon Ball Quiz

Click here to take the quiz!

General Stats

  • This quiz has been taken 804 times
  • The average score is 5 of 15

Answer Stats

HintAnswer% Correct
Saiyan that plants the Tree of MightTurles
78%
Kai that trained PikkonWest Kai
60%
Krillin's daughterMarron
59%
NIckname of android that befriends Goku as a kidEighter
52%
Cyborg girl that helps Goku defeat General BlueArale
51%
Only female pure-blooded Saiyan namedFasha
39%
Demon that imprisoned King YemmaJanemba
39%
How Gohan weakened Lord SlugWhistling
38%
Frieza soldier put in charge of overseeing Vegeta's recoveryAppule
32%
Cooler's henchmen with a French accentSalza
30%
Honorable Shadow DragonNuova Shenron
23%
Scientist responsible for the creation of Baby and partially for Hell FIghter 17Dr. Myuu
21%
First Shadow Dragon Goku and Pan fightHaze Shenron
15%
Galaxy Soldier Krillin fightsZangya
7%
Where Garlic Jr. draws his power fromMakeo Star
2%

Score Distribution

Percentile by Number Answered

Percent of People with Each Score

Your Score History

You have not taken this quiz